| 000 | 00436nam a2200145 a 4500 | ||
|---|---|---|---|
| 001 | 5093 | ||
| 003 | CDMR | ||
| 005 | 20131023133631.0 | ||
| 008 | 130130s1986||||||||||||||||||||||||||||d | ||
| 040 |
_aCDMR _bcat _cCDMR |
||
| 245 | 3 | _aLa televisión por cable en la metrópolis del futuro. Barcelona 1986-1992 | |
| 260 |
_aBarcelona _c1986 _bUniversidad Internacional Menéndez Pelayo |
||
| 650 |
_94157 _aTelevisió per cable |
||
| 942 |
_cMON _2udc |
||
| 999 |
_c5093 _d5093 |
||